Spokojnosť zákazníka a metódy jej hodnotenia : Zborník konferencie s medzinárodnou účasťou /

Salvato in:
Dettagli Bibliografici
Natura: Libro
Pubblicazione: Banská Bystrica : Univerzita Mateja Bela v Banskej Bystrici, 1999
Soggetti:
Tags: Aggiungi Tag
Nessun Tag, puoi essere il primo ad aggiungerne!!

MARC

LEADER 00000nam a22000003a 4500
001 stu51949
005 20150408162248.8
008 000208s1999----xo----------------------d
020 |a 80-8055-297-5 
040 |a STU  |b slo 
041 0
044 |a xo 
080 |a 658.89(082) 
245 |a Spokojnosť zákazníka a metódy jej hodnotenia :  |b Zborník konferencie s medzinárodnou účasťou /  |c Banská Bystrica, 26. októbra 1999 
260 |a Banská Bystrica :  |b Univerzita Mateja Bela v Banskej Bystrici,  |c 1999 
300 |a 193 s 
650 7 |a Zákazníci-hodnotenie  |2 stusub 
650 7 |a marketing  |2 estusub 
996 |b 284M000233  |c M*Z-1592  |l MMKN  |s A  |a 24  |w stu51949_0001